Detalles MARC
| 000 -LÍDER |
| Campo fijo de descripción fija |
02570aam a2200313 i 4500 |
| 001 - NÚMERO DE CONTROL |
| Campo de control |
768714001 |
| 003 - IDENTIFICADOR DEL NÚMERO DE CONTROL |
| Campo de control |
CO-MdFUSB |
| 005 - FECHA Y HORA DE LA ULTIMA TRANSACCIÓN |
| control field |
20231026120033.0 |
| 007 - CAMPO FIJO DE DESCRIPCIÓN FIJA--INFORMACIÓN GENERAL |
| Campo fijo de descripción fija |
ta |
| 008 - ELEMENTOS DE LONGITUD FIJA -- INFORMACIÓN GENERAL |
| Campo fijo de descripción fija -- Información general |
231006t20032003nyu||||g |||| 00| 0 eng d |
| 020 ## - NÚMERO INTERNACIONAL NORMALIZADO PARA LIBROS |
| Número Internacional Normalizado del libro |
1879737507 |
| 040 ## - FUENTE DE CATALOGACIÓN |
| Agencia de catalogación original |
CO-MdFUSB |
| Idioma de catalogación |
spa |
| Agencia que realiza la transcripción |
CO-MdFUSB |
| Agencia que realiza la modificación |
CO-MdFUSBC |
| Convenciones de la descripción |
rda |
| 041 ## - CÓDIGO DE IDIOMA |
| Código de idioma para texto/pista de sonido o título separado |
eng |
| Código de idioma original |
eng |
| 082 ## - NÚMERO DE CLASIFICACIÓN DECIMAL DEWEY |
| Número de la edición del Dewey |
23 |
| Número de clasificación |
236 |
| Clave de autor-Numero de item |
W167 |
| 100 ## - ASIENTO PRINCIPAL--NOMBRE PERSONAL |
| Nombre personal |
Waldron, Samuel E., |
| Término relacionador |
autor |
| 245 14 - TÍTULO |
| Título del Material |
The end times made simple |
| Parte restante del título - Subtitulo |
: how could everyone be so wrong about biblical prophecy? |
| Mención de responsabilidad, etc. |
/ Samuel E. Waldron |
| 264 #1 - PRODUCCIÓN, PUBLICACIÓN, DISTRIBUCIÓN, MANUFACTURA, Y COPYRIGHT |
| Lugar de producción, publicación, distribución, manufactura |
Estados Unidos : |
| Nombre del productor, publicador, distribuidor |
Calvary Press Publishing, |
| Fecha de producción, publicación, distribución, manufactura, o copyright |
[2003] |
| 264 #4 - PRODUCCIÓN, PUBLICACIÓN, DISTRIBUCIÓN, MANUFACTURA, Y COPYRIGHT |
| Fecha de producción, publicación, distribución, manufactura, o copyright |
©2003 |
| 300 ## - DESCRIPCIÓN FÍSICA |
| Extensión |
251 páginas |
| Dimensiones |
; 22 cm |
| 336 ## - TIPO DE CONTENIDO |
| Fuente |
rdacontent |
| Término de tipo de contenido |
texto |
| Código de tipo de contenido |
txt |
| 337 ## - TIPO DE MEDIO |
| Fuente |
rdamedia |
| Nombre del tipo de medio |
sin mediación |
| Código del tipo de medio |
n |
| 338 ## - TIPO DE SOPORTE |
| Fuente |
rdacarrier |
| Nombre del tipo de soporte |
volumen |
| Código Tipo de soporte |
nc |
| 505 ## - NOTA DE CONTENIDO |
| Nota de contenido con formato preestablecido |
I. ¿Cuántos años tiene tu escatología? necesario una escatología evangélica, pero ¿cómo es posible que todo el mundo esté tan equivocado? -- II. ¡La escatología simplificada! -- Una cuestión de interpretación -- El propio sistema de la Biblia -- El régimen básico -- El propio sistema de la Biblia -- El esquema mejorado -- La línea divisoria -- La sentencia general -- La venida del reino -- Introducido -- La venida del reino en las parábolas de Cristo -- La venida del reino en la prosa de Pablo -- La venida del reino en la visión de Juan -- La venida del reino en la visión de Juan -- El milenio en la tierra -- La venida del reino en la visión de Juan el milenio en el cielo. -- III. ¡Siguiente pregunta, por favor! -- Sección 1: Preguntas relacionadas con el evangelio actual o la era de la iglesia -- ¿Qué dice la Biblia acerca del Cielo? -- El Seol, el Hades y el Infierno -- Las perspectivas de la iglesia durante la edad evangélica -- ¿tribulación? -- ¿Son Israel y la iglesia pueblos distintos de Dios? -- La unidad y continuidad entre la iglesia e Israel<br/>¿Son Israel y la iglesia lo mismo? Sección 2: Preguntas relacionadas con el inminente regreso de Cristo -- ¿Ha venido ya Cristo? ¿Se puede calcular la fecha de la venida de Cristo? -- ¿Vendrá Cristo antes de la tribulación final? -- Argumentos en contra del pretribulacionismo -- Argumentos a favor del pretribulacionismo respondidos -- Sección 3: Preguntas relacionadas con la resurrección -- ¿Qué enseña la Biblia acerca de la resurrección? -- Sección 4: Preguntas relacionadas con el estado eterno -- Castigo sin fin -- ¿El cielo en la tierra?<br/> |
| 563 ## - NOTA DE ENCUADERNACIÓN |
| Nota de encuadernación |
Rústico |
| 650 #7 - ASIENTO SECUNDARIO DE MATERIA - TERMINO TEMÁTICO |
| 9 (RLIN) |
213 |
| Término temático o nombre geográfico como elemento de entrada |
Escatología |
| 942 ## - TIPO DE MATERIAL (KOHA) |
| Tipo de Item KOHA |
Libros General |
| 945 ## - INFORMACIÓN LOCAL DEL REGISTRO |
| Catalogador |
sor1564 |